Normal view
MARC view
Entry Personal Name
001 - CONTROL NUMBER
- control field: 46156
003 - CONTROL NUMBER IDENTIFIER
- control field: ARRUPE
005 - DATE AND TIME OF LATEST TRANSACTION
- control field: 20190430120816.0
008 - FIXED-LENGTH DATA ELEMENTS
- fixed length control field: 190430|| aca||aabn | a|a d
040 ## - CATALOGING SOURCE
- Original cataloging agency: ARRUPE
- Transcribing agency: ARRUPE
100 ## - HEADING--PERSONAL NAME
- Personal name: Hennessy, Nancy; White, Carol; Lark, Joan
670 ## - SOURCE DATA FOUND
- Source citation: Work cat.: (ARRUPE)36988: Hennessy, Nancy 46155, Friendship, 1966